LEADER 00439nab a2200145 i 4500 001 000000284483 003 CaOOAMICUS 005 20180831165256.0 008 180831n xx uu u0 0und r 013 $a37790 040 $aSeMil$bita 245 10$a[SENZA TITOLO]. 500 $aGennaio 1967, Anno 36. 773 0 $t1963-1967.$dTorino : Ufficio Catechistico Centrale Salesiano, 1967.$w()239094 996 $6245$a[SENZA TITOLO]$9(OLS)http://semarc/title/354609 LEADER 01113nam a2200265 i 4500 001 000000215721 003 CaOOAMICUS 005 20151215000000.0 008 151215s1999 it u000 u ita u 013 $a194596 040 $aSeMil$bita 100 1 $aMack Smith, Denis,$d<1920-2017>.$0(OLS)http://semarc/name/89977 245 10$aCavour contro Garibaldi /$cDenis Mack Smith ; traduzione di Paolo Gori. 260 $aMilano :$bRizzoli,$c1999. 300 $a509 p. ;$c23 cm. 490 0 $aCollana storica Rizzoli 600 34$aCavour, Camillo : Benso .$0(OLS)http://semarc/subject/84 600 14$aGaribaldi, Giuseppe <1807-1882>.$0(OLS)http://semarc/subject/236 700 1 $aGori, Paolo.$0(OLS)http://semarc/name/76499 830 0$aCollana storica Rizzoli.$0(OLS)http://semarc/title/7844 850 $aSeMil 852 $aSeMil$W1$xVenegono$y1$m3U VI 285$j166141$B166141$CSeMilBibl$Z2$F208962 $81 961 $aLascito: Milani don Felice 996 $6245$aCavour contro Garibaldi$9(OLS)http://semarc/title/310457 996 $6260$aMilano :$bRizzoli$9(OLS)http://semarc/publisher/29824